000 00728nam a2200205Ia 4500
003 SISC
005 20170116154611.0
008 140527s9999 xx 000 0 und d
020 _a9781111526917
050 _aHB 615
_b.M673 2011
100 _aKuratko, Donald F.
245 _aCorporate innovation and entrepreneurship :
_bentrepreneurial development with organizations /
_cDonald F. Kuratko, Michael H. Morris, Jeffrey G. Covin
250 _a3rd edition.
260 _aAustralia :
_bSouth-Western Cengage Learning,
_c2011.
300 _axvii, 483 pages :
_billustrations ;
_c24 cm.
500 _aIncludes bibliographical references and index.
650 _aBusiness planning.
942 _kFOR
_cBK
_2lcc
999 _c117435
_d117435